000 00286nam a22001337a 4500
008 170906b xxu||||| |||| 00| 0 eng d
020 _a0312679386
041 _aeng
080 _a72
100 _a41
101 _aARK
245 _aREVISION OF THE MODERN
_cKLOTZ, H
942 _2udc
_cBK
999 _c26239
_d26239